000 00574nam a22001577a 4500
003 OSt
005 20151101092711.0
008 151101b xxu||||| |||| 00| 0 eng d
040 _cRUA
082 _aFOR សួ 1989 B115 Or.1
100 _93105
_aសួ ប៊ុនដេត
245 _aគំរោងដាំព្រៃឡើងវិញ និង វិធានការបង្កើន ធនធានព្រៃឈើនៅខេត្ត កំពង់ឆ្នាំង
260 _aPhnom Penh
_bRUA
_c1989
300 _a97p.
_bill.
_c29cm.
942 _2ddc
_cFOR
999 _c2895
_d2895